| 000 | 00502nam a2200205Ia 4500 | ||
|---|---|---|---|
| 003 | 0100 | ||
| 008 | 130303s9999 xx 000 0 und d | ||
| 040 | _cARRUPELIB | ||
| 050 | _aLB775.M7613 1972 | ||
| 100 | _aMontessori, Maria | ||
| 245 | 4 | _aThe discovery of the child | |
| 260 | _aNew York | ||
| 260 | _bBallantine Books | ||
| 260 | _C1972 | ||
| 300 | _a339p. | ||
| 300 | _b 23 cm | ||
| 650 | _bFrance - History - 19th century | ||
| 700 | _aCostelloe, M. Joseph (tr.) | ||
| 942 |
_2lcc _05 |
||
| 999 |
_c61998 _d61998 |
||